000
00298nam a2200133Ia 4500
003
OSt
005
20231207100332.0
008
170524s9999 xx 000 0 und d
020
_a
9788126516643
040
_c
IIMT UNIVERSITY
100
_a
WATSON KARLI
245
0
_a
VISUAL C # 2008
942
_2
ddc
_c
02
999
_c
4474
_d
4474